000 00474nam a22001817a 4500
003 CEME
005 20210628210419.0
008 210208b xxu||||| |||| 00| 0 eng d
020 _a969-35-1014-3
040 _c.
082 _a910.4 TAR
100 _aTarrar, Mustansar Hussain Mustansar Hussain Tarra
_979296
245 _aNepal nagri
260 _aLAHORE
_bSANG-E-MEEL
_c1999
300 _a348P
650 _aURDU ADAB-SAFAR NAMA-NEPAL NAGRI
_929920
942 _cBK
_2ddc
999 _c584347
_d584347